• 首页
  • 本馆介绍
  • 公告通知
  • 最新文献
  • 馆藏检索
  • 电子资源
  • 读者导购
  • 参考咨询
  • 我的图书馆
  • 登录
  • 详细信息显示
  • 放入我的书架
  • 预约/预借图书
  • 作者相关作品
  • 分类相关作品
  • 丛书相关作品
  • 出版社相关作品

书目信息

  • 表格格式
  • 工作单格式
  • 卡片格式
题名:
大国海权
    
 
作者: 马汉 著 ;熊显华 编译
分册:  
出版信息: 南昌   江西人民出版社  2011.09
页数: 320页
开本: 23cm
丛书名:
单 册:
中图分类: E815 , E153
科图分类:
主题词: 制海权--研究 , 海战--战争史--世界 , 制海权 , 海战 , 战争史
电子资源:
ISBN: 978-7-210-04879-4
000 00992nam0 2200301 45
001 512
005 20120531153126.56
010    @a978-7-210-04879-4@dCNY39.00
100    @a20120328d2011 em y0chiy50 ea
101 1  @achi@ceng
102    @aCN@b360000
105    @aa z 000yy
106    @ar
200 1  @a大国海权@ADa Guo Hai Quan@f(美)阿尔弗雷德·塞耶·马汉著@F( Mei ) A Er Fu Lei De· Sai Ye· Ma Han Zhu@g熊显华编译
210    @a南昌@c江西人民出版社@d2011.09
215    @a320页@c图@d23cm
330    @a本书主要内容包括:海洋战略对于世界的深远影响;海权战略六要素;英、法海战的战略布局;东方和西方海洋权益的碰撞;俄英美三足鼎立等。
606 0  @a制海权@x研究
606 0  @a海战@x战争史@y世界
606 0  @a制海权
606 0  @a海战
606 0  @a战争史
690    @aE815@v4
690    @aE153@v4
701  1 @c(美)@a马汉@AMa Han@b阿尔弗雷德·塞耶@f(1840-1914)@4著
702  0 @a熊显华@AXiong Xian Hua@4编译
801  0 @aCN@bTSTCL@c20120328
905    @b0813965-71@dE815@e33@f7
    
    大国海权/(美)阿尔弗雷德·塞耶·马汉著/熊显华编译.-南昌:江西人民出版社,2011.09
    320页:图;23cm
    
    
    ISBN 978-7-210-04879-4:CNY39.00
    本书主要内容包括:海洋战略对于世界的深远影响;海权战略六要素;英、法海战的战略布局;东方和西方海洋权益的碰撞;俄英美三足鼎立等。
●
相关链接 在E读中查询图书 在五车中查询图书 在当当中查询图书 在豆瓣中查询图书


正题名:大国海权     索取号:E815/33         预约/预借

序号 登录号 条形码 馆藏地/架位号 状态 备注
1 0813965   208139655   第一样本阅览室/ [索取号:E815/33] 在馆    
2 0813966   208139664   第一借阅区/ [索取号:E815/33] 在馆    
3 0813967   208139673   第一借阅区/ [索取号:E815/33] 在馆    
4 0813968   208139682   第一借阅区/ [索取号:E815/33] 在馆    
5 0813969   208139691   第一借阅区/ [索取号:E815/33] 在馆    
6 0813970   208139708   第一借阅区/ [索取号:E815/33] 在馆    
7 0813971   208139717   第一借阅区/ [索取号:E815/33] 在馆    
唐山师范学院图书馆 欢迎您!
大连网信软件有限公司© 版权所有